[Event "DEM U16w 2014"]
[Site "Magdeburg GER"]
[Date "2014.06.13"]
[Round "8"]
[White "Heinemann, Josefine"]
[Black "Kempe, Anne"]
[Result "1-0"]
[Termination "normal"]
[Board "3"]
[WhiteElo "2024"]
[BlackElo "1805"]
[WhiteClock "00:44:00"]
[BlackClock "00:34:39"]
[PlyCount "59"]
[WhiteFideId "12900460"]
[BlackFideId "12918083"]
[EventCountry "GER"]
[EventRounds "9"]
[EventType "swiss"]
[EventDate "2014.06.07"]

1. e4 c5 2. Nf3 Nc6 3. d4 cxd4 4. Nxd4 Nf6 5. Nc3 d6 6. f3 e5 7. Nb3 Be7 8. Be3
Be6 9. Nd5 O-O 10. Nxe7+ Qxe7 11. Qd2 Rfd8 12. c4 Rac8 13. Be2 Ne8 14. Bg5 f6
15. Bh4 Qf7 16. Rc1 Rd7 17. O-O f5 18. f4 Ne7 19. fxe5 dxe5 20. Qc3 Ng6 21.
exf5 Bxf5 22. Bg3 Qe6 23. Qe3 Rdc7 24. c5 Kh8 25. Bc4 Qf6 26. Bd3 Ne7 27. Bxe5
Qe6 28. Nd4 Qg6 29. Nxf5 Nxf5 30. Bxf5 1-0

[Event "DEM U16w 2014"]
[Site "Magdeburg GER"]
[Date "2014.06.13"]
[Round "8"]
[White "Fesselier, Melissa"]
[Black "Schumann, Rabea"]
[Result "1-0"]
[Termination "normal"]
[Board "4"]
[WhiteElo "1818"]
[BlackElo "1680"]
[WhiteClock "00:20:16"]
[BlackClock "00:03:05"]
[PlyCount "69"]
[WhiteFideId "20689284"]
[BlackFideId "12918199"]
[EventCountry "GER"]
[EventRounds "9"]
[EventType "swiss"]
[EventDate "2014.06.07"]

1. e4 c5 2. Nf3 Nc6 3. d4 cxd4 4. Nxd4 g6 5. c4 Bh6 6. Bxh6 Nxh6 7. Nc3 O-O 8.
Be2 f6 9. O-O Nf7 10. Kh1 b6 11. Nxc6 dxc6 12. Qe1 Qc7 13. f4 Bb7 14. Rf3 e5
15. f5 g5 16. Rh3 Kg7 17. Qg3 Nd6 18. Qg4 Qf7 19. Rd1 Rad8 20. Rhd3 Qe7 21. Qh5
Nf7 22. Rh3 Rxd1+ 23. Bxd1 Rh8 24. c5 Qxc5 25. Bb3 Qe7 26. Bxf7 Qxf7 27. Qh6+
Kg8 28. Rd3 Qe7 29. Nd1 Kf7 30. Nf2 Ba6 31. Rd2 Ke8 32. Ng4 Rf8 33. Qh5+ Rf7
34. Nh6 Kf8 35. Rd8+ 1-0

[Event "DEM U16w 2014"]
[Site "Magdeburg GER"]
[Date "2014.06.13"]
[Round "8"]
[White "Brandl, Lea Maria"]
[Black "Weber, Sandra"]
[Result "1/2-1/2"]
[Termination "normal"]
[Board "5"]
[WhiteElo "1775"]
[BlackElo "1774"]
[WhiteClock "00:27:11"]
[BlackClock "00:13:52"]
[PlyCount "84"]
[WhiteFideId "24693049"]
[BlackFideId "1270049"]
[EventCountry "GER"]
[EventRounds "9"]
[EventType "swiss"]
[EventDate "2014.06.07"]

1. d4 Nf6 2. c4 c5 3. d5 b5 4. cxb5 a6 5. b6 d6 6. Nc3 g6 7. a4 a5 8. e4 Nbd7
9. Nf3 Bg7 10. Be2 Qxb6 11. O-O O-O 12. Nd2 Ne8 13. Nc4 Qb8 14. Ra3 Ba6 15. Rb3
Qd8 16. Ne3 Nc7 17. Kh1 Ne5 18. Bxa6 Nxa6 19. f4 Nd7 20. f5 Nb4 21. Ne2 Rc8 22.
Nf4 Nf6 23. Qf3 Qd7 24. g4 Qxa4 25. Ra3 Qb5 26. g5 Nd7 27. h4 Ne5 28. Qg2 c4
29. h5 Nbd3 30. hxg6 hxg6 31. fxg6 fxg6 32. Ne6 Rxf1+ 33. Qxf1 Qe8 34. Rxa5 Qf7
35. Qxf7+ Kxf7 36. Ra1 Bh8 37. Kg2 Nd7 38. Nd1 Be5 39. Kf3 Rb8 40. Kg2 Nxc1 41.
Rxc1 Rb4 42. Rc2 Rb8 1/2-1/2

[Event "DEM U16w 2014"]
[Site "Magdeburg GER"]
[Date "2014.06.13"]
[Round "8"]
[White "Schneider, Sabrina"]
[Black "Manusina, Nicole"]
[Result "0-1"]
[Termination "normal"]
[Board "6"]
[WhiteElo "1630"]
[BlackElo "1871"]
[WhiteClock "00:02:49"]
[BlackClock "00:07:09"]
[PlyCount "58"]
[WhiteFideId "12951986"]
[BlackFideId "24657514"]
[EventCountry "GER"]
[EventRounds "9"]
[EventType "swiss"]
[EventDate "2014.06.07"]

1. e4 c6 2. d4 d5 3. Nc3 b5 4. a3 dxe4 5. Nxe4 Bf5 6. Ng3 Bg6 7. Nf3 Nd7 8. Bd3
Bxd3 9. Qxd3 e6 10. O-O Ngf6 11. Re1 Be7 12. Ne4 O-O 13. Nxf6+ Nxf6 14. Ne5 Rc8
15. c3 Qb6 16. Qg3 Rfd8 17. Bh6 Ne8 18. Re3 Bf8 19. Rf3 Rc7 20. Ng4 Kh8 21. Bf4
Rb7 22. Re1 c5 23. Be3 cxd4 24. Bxd4 Qc7 25. Qh4 f6 26. Rh3 h6 27. Rxe6 Rxd4
28. g3 Rd1+ 29. Kg2 Qd7 0-1

[Event "DEM U16w 2014"]
[Site "Magdeburg GER"]
[Date "2014.06.13"]
[Round "8"]
[White "Bork, Sophie"]
[Black "Koch, Elisabeth"]
[Result "1/2-1/2"]
[Termination "normal"]
[Board "7"]
[WhiteElo "1539"]
[BlackElo "1731"]
[WhiteClock "00:27:12"]
[BlackClock "00:58:59"]
[PlyCount "82"]
[WhiteFideId "12905429"]
[BlackFideId "24695068"]
[EventCountry "GER"]
[EventRounds "9"]
[EventType "swiss"]
[EventDate "2014.06.07"]

1. e4 e5 2. Nf3 Nc6 3. Bb5 d6 4. c3 Nf6 5. d3 Be7 6. O-O O-O 7. Nbd2 a6 8. Ba4
b5 9. Bc2 Na5 10. Re1 c5 11. Nf1 Qb6 12. Be3 Ng4 13. h3 Nxe3 14. Nxe3 Be6 15.
Nh2 Nc6 16. Qf3 g6 17. Nhg4 Kg7 18. Nd5 Qd8 19. Nxe7 Qxe7 20. Qe3 Bxg4 21. hxg4
b4 22. Bb3 a5 23. Bd5 Ra6 24. Bxc6 Rxc6 25. c4 Qh4 26. Qh3 Qxh3 27. gxh3 Rc7
28. Re3 f5 29. gxf5 gxf5 30. Rg3+ Kh6 31. Re1 Rcf7 32. exf5 Rxf5 33. Re4 Rf4
34. Rxf4 Rxf4 35. Re3 Kg5 36. Kg2 Kf5 37. Kg3 Rd4 38. Kf3 Rh4 39. Kg3 Rf4 40.
Kg2 Ke6 41. Kf1 Rf6 1/2-1/2

[Event "DEM U16w 2014"]
[Site "Magdeburg GER"]
[Date "2014.06.13"]
[Round "8"]
[White "Nobis, Anna"]
[Black "Böhm, Jana"]
[Result "1/2-1/2"]
[Termination "normal"]
[Board "8"]
[WhiteElo "1797"]
[BlackElo "1773"]
[PlyCount "95"]
[WhiteFideId "1270302"]
[BlackFideId "24661589"]
[EventCountry "GER"]
[EventRounds "9"]
[EventType "swiss"]
[EventDate "2014.06.07"]

1. e4 e6 2. d4 d5 3. Nc3 Nf6 4. e5 Nfd7 5. Nf3 c5 6. Bg5 f6 7. exf6 gxf6 8. Bf4
a6 9. Qe2 Qe7 10. O-O-O c4 11. Re1 Nb6 12. g4 Nc6 13. g5 f5 14. Ne5 Nxe5 15.
Bxe5 Bg7 16. h4 Kd8 17. Qd2 Bxe5 18. Rxe5 Bd7 19. Bg2 Qd6 20. Rhe1 Kc7 21. Ne2
Rae8 22. Nf4 Kb8 23. Qe3 c3 24. Bf1 cxb2+ 25. Kb1 Na4 26. Qb3 Rc8 27. Nxe6 Rhe8
28. Nf4 Rxe5 29. dxe5 Qc5 30. Bxa6 Qa7 31. Bd3 Qxf2 32. Rf1 Qd4 33. e6 Be8 34.
Nxd5 Rc5 35. c4 Qe5 36. Bxf5 Qe2 37. Bd3 Qxe6 38. Nc3 Qh3 39. Nxa4 Bxa4 40.
Rf8+ Kc7 41. Rf7+ Bd7 42. Kxb2 Qxh4 43. Rxh7 Qxg5 44. Qc2 Qe5+ 45. Qc3 Qd6 46.
Bc2 Kb8 47. Rh8+ Kc7 48. Rh7 1/2-1/2

[Event "DEM U16w 2014"]
[Site "Magdeburg GER"]
[Date "2014.06.13"]
[Round "8"]
[White "Morio, Estelle"]
[Black "Zahn, Alina"]
[Result "0-1"]
[Termination "normal"]
[Board "10"]
[WhiteElo "1513"]
[BlackElo "1974"]
[PlyCount "68"]
[WhiteFideId "12951951"]
[BlackFideId "24696730"]
[EventCountry "GER"]
[EventRounds "9"]
[EventType "swiss"]
[EventDate "2014.06.07"]

1. d4 d5 2. Nf3 Nf6 3. e3 a6 4. Bd3 Bg4 5. c4 dxc4 6. Bxc4 e6 7. Nc3 c5 8. Be2
Nc6 9. dxc5 Bxc5 10. O-O O-O 11. b3 Qe7 12. a3 Rfd8 13. Qc2 Rac8 14. Bb2 Bd6
15. Rfd1 Na5 16. e4 e5 17. Re1 Be6 18. Nd2 h6 19. b4 Nc6 20. Qd1 Nd4 21. Bd3
Bb8 22. h3 Qd7 23. Re3 Ba7 24. Rg3 Kh7 25. Rb1 g6 26. Bf1 Nh5 27. Rd3 Nf4 28.
Rg3 Qe7 29. Nf3 Nde2+ 30. Bxe2 Rxd1+ 31. Bxd1 Nh5 32. Rg4 Bxg4 33. hxg4 Nf6 34.
Ne1 Qd7 0-1

[Event "DEM U16w 2014"]
[Site "Magdeburg GER"]
[Date "2014.06.13"]
[Round "8"]
[White "Rosmait, Emily"]
[Black "Alsheimer, Lea"]
[Result "1-0"]
[Termination "normal"]
[Board "11"]
[WhiteElo "1771"]
[BlackElo "1663"]
[PlyCount "59"]
[WhiteFideId "12937754"]
[BlackFideId "12918180"]
[EventCountry "GER"]
[EventRounds "9"]
[EventType "swiss"]
[EventDate "2014.06.07"]

1. e4 e6 2. d3 d5 3. Nd2 c5 4. Ngf3 Nc6 5. g3 g6 6. Bg2 Bg7 7. O-O Nge7 8. Re1
O-O 9. h4 h6 10. e5 Qc7 11. Qe2 b5 12. Nf1 Bb7 13. Bf4 Nf5 14. N1h2 Ncd4 15.
Qd2 Kh7 16. Nxd4 Nxd4 17. Ng4 h5 18. Nf6+ Bxf6 19. exf6 Qd8 20. Bg5 Re8 21. c3
Nf5 22. Qe2 Nh6 23. Bxh6 Kxh6 24. Qe3+ Kh7 25. Qxc5 a6 26. Qd4 Qc7 27. Re5 Rac8
28. Qf4 Rh8 29. Rxh5+ gxh5 30. Qg5 1-0

[Event "DEM U16w 2014"]
[Site "Magdeburg GER"]
[Date "2014.06.13"]
[Round "8"]
[White "Gatzke, Carolin"]
[Black "Merker, Vivien"]
[Result "1-0"]
[Termination "normal"]
[Board "12"]
[WhiteElo "1726"]
[BlackElo "1221"]
[PlyCount "33"]
[WhiteFideId "12943746"]
[BlackFideId "12927260"]
[EventCountry "GER"]
[EventRounds "9"]
[EventType "swiss"]
[EventDate "2014.06.07"]

1. e4 c5 2. Nf3 Nc6 3. Bb5 d6 4. Bxc6+ bxc6 5. h3 e5 6. O-O Nf6 7. Re1 Be7 8.
c3 O-O 9. d4 cxd4 10. cxd4 exd4 11. Nxd4 Qc7 12. Nc3 Bb7 13. Qf3 Rac8 14. Qg3
Rfe8 15. Bg5 Qd8 16. Nf5 Bf8 17. Nh6+ 1-0

[Event "DEM U16w 2014"]
[Site "Magdeburg GER"]
[Date "2014.06.13"]
[Round "8"]
[White "Titgemeyer, Eva Maria"]
[Black "Schmid, Katharina"]
[Result "1-0"]
[Termination "normal"]
[Board "14"]
[WhiteElo "1496"]
[BlackElo "1413"]
[PlyCount "39"]
[WhiteFideId "24655350"]
[BlackFideId "12918210"]
[EventCountry "GER"]
[EventRounds "9"]
[EventType "swiss"]
[EventDate "2014.06.07"]

1. e4 e5 2. Nf3 Nc6 3. Bc4 Nf6 4. Ng5 d5 5. exd5 b5 6. Bf1 Nxd5 7. Bxb5 Bd7 8.
Qf3 f6 9. Qxd5 fxg5 10. Bxc6 Bxc6 11. Qxc6+ Kf7 12. Nc3 a6 13. Qd5+ Qxd5 14.
Nxd5 Bd6 15. b3 Ke6 16. c4 Kd7 17. Bb2 Rhf8 18. d4 e4 19. c5 c6 20. Nb6+ 1-0

[Event "DEM U16w 2014"]
[Site "Magdeburg GER"]
[Date "2014.06.13"]
[Round "8"]
[White "Silber, Stefanie"]
[Black "Hartmann, Jasmin"]
[Result "0-1"]
[Termination "normal"]
[Board "15"]
[WhiteElo "1404"]
[BlackElo "1329"]
[PlyCount "100"]
[WhiteFideId "12918245"]
[BlackFideId "12988898"]
[EventCountry "GER"]
[EventRounds "9"]
[EventType "swiss"]
[EventDate "2014.06.07"]

1. e4 e6 2. d4 d5 3. e5 c5 4. c3 Nc6 5. Nf3 Qb6 6. Be2 g6 7. O-O Bg7 8. b3 Nge7
9. Bf4 O-O 10. Qd2 f6 11. Re1 cxd4 12. cxd4 fxe5 13. dxe5 Bd7 14. Nc3 Qb4 15.
Bg3 Nf5 16. Bd3 Nxg3 17. hxg3 Nd4 18. Nh2 Rac8 19. Rac1 Nb5 20. Bxb5 Bxb5 21.
Nf3 Rc7 22. Nxb5 Qxd2 23. Nxd2 Rxc1 24. Rxc1 Bxe5 25. Nxa7 Bd4 26. Nb5 Bxf2+
27. Kh2 g5 28. g4 Rf6 29. g3 Be3 30. Rf1 Rh6+ 31. Kg2 Bxd2 32. Nd4 Bc3 33. Nf3
Rf6 34. Nxg5 Rxf1 35. Kxf1 e5 36. Ke2 Kg7 37. Ke3 Be1 38. Kf3 e4+ 39. Kg2 Kg6
40. Ne6 Kf6 41. Nf4 d4 42. g5+ Kf5 43. a3 d3 44. Nd5 Kxg5 45. Ne3 h5 46. b4 b5
47. Nf1 h4 48. gxh4+ Kxh4 49. Ne3 Kg5 50. Kf1 Bd2 0-1

[Event "DEM U16w 2014"]
[Site "Magdeburg GER"]
[Date "2014.06.14"]
[Round "9"]
[White "Bluhm, Sonja Maria"]
[Black "Gaßmann, Linda"]
[Result "1/2-1/2"]
[Termination "normal"]
[Board "1"]
[WhiteElo "2095"]
[BlackElo "1844"]
[WhiteClock "00:27:16"]
[BlackClock "00:27:29"]
[PlyCount "41"]
[WhiteFideId "24654027"]
[BlackFideId "12900451"]
[EventCountry "GER"]
[EventRounds "9"]
[EventType "swiss"]
[EventDate "2014.06.07"]

1. e4 {[%clk 1:30:58]} d5 {[%clk 1:30:55]} 2. exd5 {[%clk 1:31:24]} Qxd5 {[%clk
1:31:16]} 3. Nc3 {[%clk 1:31:45]} Qd6 {[%clk 1:31:34]} 4. d4 {[%clk 1:31:50]}
c6 {[%clk 1:31:42]} 5. Bc4 {[%clk 1:31:43]} Nf6 {[%clk 1:30:25]} 6. Nge2 {[%clk
1:30:56]} Bf5 {[%clk 1:28:22]} 7. Bf4 {[%clk 1:30:18]} Qb4 {[%clk 1:27:38]} 8.
Bb3 {[%clk 1:29:56]} e6 {[%clk 1:26:56]} 9. O-O {[%clk 1:29:17]} Nbd7 {[%clk
1:19:32]} 10. Re1 {[%clk 1:26:36]} O-O-O {[%clk 1:06:12]} 11. a3 {[%clk
1:22:36]} Qa5 {[%clk 0:55:19]} 12. Ng3 {[%clk 1:13:39]} Bg6 {[%clk 0:49:10]}
13. Qe2 {[%clk 0:50:11]} h5 {[%clk 0:39:31]} 14. Nge4 {[%clk 0:33:25]} Nxe4
{[%clk 0:31:45]} 15. Nxe4 {[%clk 0:33:52]} Bxe4 {[%clk 0:31:38]} 16. Qxe4
{[%clk 0:34:04]} Nf6 {[%clk 0:30:07]} 17. Qe5 {[%clk 0:30:49]} Qxe5 {[%clk
0:27:50]} 18. Bxe5 {[%clk 0:30:03]} Bd6 {[%clk 0:27:05]} 19. Bxd6 {[%clk
0:27:11]} Rxd6 {[%clk 0:27:29]} 20. Rad1 {[%clk 0:27:06]} Rhd8 {[%clk 0:27:29]}
21. c3 {[%clk 0:27:16]} 1/2-1/2

[Event "DEM U16w 2014"]
[Site "Magdeburg GER"]
[Date "2014.06.14"]
[Round "9"]
[White "Weber, Sandra"]
[Black "Wiesner, Paula"]
[Result "1/2-1/2"]
[Termination "normal"]
[Board "2"]
[WhiteElo "1774"]
[BlackElo "1949"]
[WhiteClock "00:18:10"]
[BlackClock "00:29:00"]
[PlyCount "40"]
[WhiteFideId "1270049"]
[BlackFideId "24654019"]
[EventCountry "GER"]
[EventRounds "9"]
[EventType "swiss"]
[EventDate "2014.06.07"]

1. e4 {[%clk 1:30:58]} e6 {[%clk 1:30:57]} 2. d4 {[%clk 1:31:18]} d5 {[%clk
1:31:26]} 3. Nc3 {[%clk 1:31:39]} Nf6 {[%clk 1:31:54]} 4. e5 {[%clk 1:32:01]}
Nfd7 {[%clk 1:32:02]} 5. f4 {[%clk 1:31:58]} c5 {[%clk 1:30:54]} 6. Nf3 {[%clk
1:26:19]} Nc6 {[%clk 1:29:20]} 7. Be3 {[%clk 1:18:19]} f6 {[%clk 1:12:48]} 8.
Ne2 {[%clk 1:11:56]} fxe5 {[%clk 1:04:47]} 9. fxe5 {[%clk 1:10:47]} cxd4 {[%clk
1:02:13]} 10. Bf4 {[%clk 0:58:31]} Bb4+ {[%clk 0:57:12]} 11. c3 {[%clk
0:56:27]} dxc3 {[%clk 0:57:18]} 12. Nxc3 {[%clk 0:48:54]} O-O {[%clk 0:55:11]}
13. Qd2 {[%clk 0:43:13]} Nc5 {[%clk 0:52:32]} 14. Be3 {[%clk 0:37:34]} Ne4
{[%clk 0:48:35]} 15. Qc2 {[%clk 0:34:17]} Qa5 {[%clk 0:43:48]} 16. Bd2 {[%clk
0:31:08]} Qc5 {[%clk 0:39:01]} 17. O-O-O {[%clk 0:23:16]} Bxc3 {[%clk 0:36:01]}
18. Bxc3 {[%clk 0:23:04]} Qf2 {[%clk 0:34:01]} 19. Bd4 {[%clk 0:17:45]} Qxc2+
{[%clk 0:29:37]} 20. Kxc2 {[%clk 0:18:10]} Bd7 {[%clk 0:29:00]} 1/2-1/2

[Event "DEM U16w 2014"]
[Site "Magdeburg GER"]
[Date "2014.06.14"]
[Round "9"]
[White "Manusina, Nicole"]
[Black "Kempe, Anne"]
[Result "1-0"]
[Termination "normal"]
[Board "5"]
[WhiteElo "1871"]
[BlackElo "1805"]
[WhiteClock "00:12:46"]
[BlackClock "00:43:57"]
[PlyCount "107"]
[WhiteFideId "24657514"]
[BlackFideId "12918083"]
[EventCountry "GER"]
[EventRounds "9"]
[EventType "swiss"]
[EventDate "2014.06.07"]

1. d4 {[%clk 1:30:57]} g6 {[%clk 1:30:55]} 2. c4 {[%clk 1:31:22]} Nf6 {[%clk
1:31:21]} 3. Nc3 {[%clk 1:31:30]} Bg7 {[%clk 1:31:47]} 4. g3 {[%clk 1:31:49]}
O-O {[%clk 1:32:04]} 5. Bg2 {[%clk 1:32:14]} d6 {[%clk 1:32:08]} 6. Nf3 {[%clk
1:32:38]} Nbd7 {[%clk 1:31:55]} 7. O-O {[%clk 1:32:57]} c5 {[%clk 1:30:57]} 8.
d5 {[%clk 1:27:10]} Ng4 {[%clk 1:25:36]} 9. Nd2 {[%clk 1:21:34]} Nb6 {[%clk
1:19:26]} 10. e4 {[%clk 1:16:27]} Ne5 {[%clk 1:19:10]} 11. Qe2 {[%clk 1:16:08]}
a6 {[%clk 1:13:47]} 12. h3 {[%clk 1:12:33]} e6 {[%clk 1:12:45]} 13. a4 {[%clk
1:11:56]} exd5 {[%clk 1:11:34]} 14. cxd5 {[%clk 1:09:02]} a5 {[%clk 1:07:27]}
15. f4 {[%clk 1:00:13]} Ned7 {[%clk 1:07:44]} 16. Nf3 {[%clk 0:49:04]} Re8
{[%clk 1:06:59]} 17. Qc2 {[%clk 0:49:20]} Nb8 {[%clk 1:07:08]} 18. Nb5 {[%clk
0:44:15]} Na6 {[%clk 1:05:50]} 19. Bd2 {[%clk 0:39:49]} Qe7 {[%clk 1:00:41]}
20. Bxa5 {[%clk 0:35:55]} Nd7 {[%clk 0:56:20]} 21. Rae1 {[%clk 0:32:02]} b6
{[%clk 0:55:18]} 22. Bc3 {[%clk 0:31:51]} Nf6 {[%clk 0:54:19]} 23. Nd2 {[%clk
0:28:30]} Bd7 {[%clk 0:50:28]} 24. Nxd6 {[%clk 0:20:51]} Nxd5 {[%clk 0:39:19]}
25. Nxe8 {[%clk 0:20:24]} Ndb4 {[%clk 0:39:11]} 26. Qb1 {[%clk 0:19:18]} Rxe8
{[%clk 0:39:09]} 27. Bxg7 {[%clk 0:19:40]} Kxg7 {[%clk 0:39:35]} 28. b3 {[%clk
0:18:22]} Qd6 {[%clk 0:39:30]} 29. Nc4 {[%clk 0:18:17]} Qc7 {[%clk 0:38:55]}
30. Ne5 {[%clk 0:14:49]} Rd8 {[%clk 0:38:22]} 31. Qb2 {[%clk 0:14:23]} Kg8
{[%clk 0:38:29]} 32. Rd1 {[%clk 0:14:31]} Bc6 {[%clk 0:38:31]} 33. Ng4 {[%clk
0:14:06]} h5 {[%clk 0:38:19]} 34. Nh6+ {[%clk 0:13:27]} Kf8 {[%clk 0:36:56]}
35. Qh8+ {[%clk 0:12:48]} Ke7 {[%clk 0:37:21]} 36. Rxd8 {[%clk 0:13:07]} Qxd8
{[%clk 0:37:49]} 37. Qxd8+ {[%clk 0:13:29]} Kxd8 {[%clk 0:38:16]} 38. Nxf7+
{[%clk 0:13:50]} Ke7 {[%clk 0:38:40]} 39. Ne5 {[%clk 0:14:12]} Be8 {[%clk
0:39:01]} 40. Rd1 {[%clk 0:13:47]} Nc2 {[%clk 0:39:21]} 41. Kf2 {[%clk
0:11:31]} Nd4 {[%clk 0:39:38]} 42. Bf1 {[%clk 0:11:07]} Nb4 {[%clk 0:39:58]}
43. Bc4 {[%clk 0:11:08]} Kf6 {[%clk 0:40:09]} 44. Nf3 {[%clk 0:11:06]} Nxf3
{[%clk 0:40:27]} 45. Kxf3 {[%clk 0:11:25]} Bc6 {[%clk 0:40:50]} 46. Rd6+ {[%clk
0:11:23]} Kg7 {[%clk 0:41:16]} 47. Bd5 {[%clk 0:11:24]} Bxd5 {[%clk 0:41:29]}
48. exd5 {[%clk 0:11:49]} Nc2 {[%clk 0:41:53]} 49. Rxb6 {[%clk 0:11:51]} Nd4+
{[%clk 0:42:19]} 50. Ke4 {[%clk 0:11:59]} Nf5 {[%clk 0:42:39]} 51. g4 {[%clk
0:12:02]} hxg4 {[%clk 0:43:06]} 52. hxg4 {[%clk 0:12:26]} Ne7 {[%clk 0:43:32]}
53. Rb7 {[%clk 0:12:49]} Kf8 {[%clk 0:43:57]} 54. Rxe7 {[%clk 0:12:46]} 1-0

[Event "DEM U16w 2014"]
[Site "Magdeburg GER"]
[Date "2014.06.14"]
[Round "9"]
[White "Schumann, Rabea"]
[Black "Brandl, Lea Maria"]
[Result "1-0"]
[Termination "normal"]
[Board "6"]
[WhiteElo "1680"]
[BlackElo "1775"]
[WhiteClock "00:07:55"]
[BlackClock "00:13:24"]
[PlyCount "113"]
[WhiteFideId "12918199"]
[BlackFideId "24693049"]
[EventCountry "GER"]
[EventRounds "9"]
[EventType "swiss"]
[EventDate "2014.06.07"]

1. c4 {[%clk 1:30:57]} e6 {[%clk 1:30:56]} 2. g3 {[%clk 1:31:22]} d5 {[%clk
1:31:21]} 3. Bg2 {[%clk 1:31:47]} Nf6 {[%clk 1:31:48]} 4. Nf3 {[%clk 1:32:09]}
Be7 {[%clk 1:32:11]} 5. O-O {[%clk 1:32:32]} O-O {[%clk 1:32:11]} 6. d4 {[%clk
1:32:46]} c6 {[%clk 1:32:02]} 7. Qc2 {[%clk 1:33:01]} b6 {[%clk 1:29:26]} 8.
Nbd2 {[%clk 1:32:32]} Bb7 {[%clk 1:27:53]} 9. e4 {[%clk 1:27:15]} dxe4 {[%clk
1:17:49]} 10. Nxe4 {[%clk 1:27:26]} Nxe4 {[%clk 1:16:39]} 11. Qxe4 {[%clk
1:27:35]} Nd7 {[%clk 1:16:08]} 12. Bf4 {[%clk 1:16:38]} Nf6 {[%clk 1:11:33]}
13. Qe2 {[%clk 1:14:13]} c5 {[%clk 1:06:13]} 14. dxc5 {[%clk 1:08:34]} Bxc5
{[%clk 1:05:36]} 15. Rfd1 {[%clk 1:08:03]} Qe7 {[%clk 1:05:14]} 16. Ne5 {[%clk
0:58:40]} Bxg2 {[%clk 1:02:04]} 17. Kxg2 {[%clk 0:59:01]} Qb7+ {[%clk 1:02:07]}
18. f3 {[%clk 0:56:24]} Rfd8 {[%clk 0:57:44]} 19. Rxd8+ {[%clk 0:44:56]} Rxd8
{[%clk 0:58:08]} 20. Rd1 {[%clk 0:44:41]} Rxd1 {[%clk 0:53:43]} 21. Qxd1 {[%clk
0:45:02]} Be7 {[%clk 0:53:38]} 22. Qa4 {[%clk 0:40:55]} a5 {[%clk 0:44:04]} 23.
Qb5 {[%clk 0:31:57]} Bc5 {[%clk 0:41:02]} 24. a3 {[%clk 0:22:58]} Bd6 {[%clk
0:29:15]} 25. b4 {[%clk 0:18:26]} axb4 {[%clk 0:29:13]} 26. axb4 {[%clk
0:18:46]} Qc7 {[%clk 0:27:39]} 27. Nd3 {[%clk 0:16:55]} Bxf4 {[%clk 0:24:40]}
28. Nxf4 {[%clk 0:17:06]} h6 {[%clk 0:21:41]} 29. c5 {[%clk 0:16:47]} bxc5
{[%clk 0:21:08]} 30. bxc5 {[%clk 0:14:44]} Nd7 {[%clk 0:18:46]} 31. Nd3 {[%clk
0:14:51]} Kf8 32. c6 {[%clk 0:13:19]} Nb8 {[%clk 0:15:30]} 33. Nb4 {[%clk
0:12:00]} Ke7 {[%clk 0:12:54]} 34. Qc5+ {[%clk 0:09:55]} Ke8 {[%clk 0:11:18]}
35. Qc3 {[%clk 0:04:20]} f6 {[%clk 0:08:55]} 36. Qc4 {[%clk 0:03:34]} Ke7
{[%clk 0:08:40]} 37. Qc5+ {[%clk 0:03:40]} Ke8 {[%clk 0:07:10]} 38. Kh3 {[%clk
0:03:26]} Kf7 {[%clk 0:04:48]} 39. Kh4 {[%clk 0:03:02]} Ke8 {[%clk 0:04:36]}
40. Qb5 {[%clk 0:02:14]} Ke7 {[%clk 0:01:58]} 41. Qc5+ {[%clk 0:24:32]} Ke8
{[%clk 0:28:56]} 42. Kh5 {[%clk 0:23:57]} Qf7+ {[%clk 0:28:32]} 43. Kh4 {[%clk
0:23:38]} Qc7 {[%clk 0:28:43]} 44. Qb5 {[%clk 0:21:41]} Ke7 {[%clk 0:28:45]}
45. Kh5 {[%clk 0:12:44]} Ke8 {[%clk 0:26:06]} 46. Qb7 {[%clk 0:11:36]} Qxb7
{[%clk 0:22:38]} 47. cxb7 {[%clk 0:11:58]} Kf7 {[%clk 0:21:45]} 48. h3 {[%clk
0:07:44]} f5 {[%clk 0:20:38]} 49. f4 {[%clk 0:07:59]} Kf6 {[%clk 0:20:02]} 50.
Nd3 {[%clk 0:07:51]} Kf7 {[%clk 0:16:48]} 51. Ne5+ {[%clk 0:07:05]} Kf6 {[%clk
0:16:37]} 52. h4 {[%clk 0:07:14]} Ke7 {[%clk 0:14:55]} 53. Kg6 {[%clk 0:07:33]}
Kd6 {[%clk 0:13:11]} 54. Kxg7 {[%clk 0:07:33]} h5 {[%clk 0:12:41]} 55. Kg6
{[%clk 0:07:28]} Kc7 {[%clk 0:13:05]} 56. Kxh5 {[%clk 0:07:38]} Kxb7 {[%clk
0:13:24]} 57. Kg6 {[%clk 0:07:55]} 1/2-1/2

[Event "DEM U16w 2014"]
[Site "Magdeburg GER"]
[Date "2014.06.14"]
[Round "9"]
[White "Zahn, Alina"]
[Black "Bork, Sophie"]
[Result "1-0"]
[Termination "normal"]
[Board "7"]
[WhiteElo "1974"]
[BlackElo "1539"]
[WhiteClock "00:55:30"]
[BlackClock "00:16:20"]
[PlyCount "49"]
[WhiteFideId "24696730"]
[BlackFideId "12905429"]
[EventCountry "GER"]
[EventRounds "9"]
[EventType "swiss"]
[EventDate "2014.06.07"]

1. e4 {[%clk 1:30:56]} e5 {[%clk 1:30:54]} 2. Nf3 {[%clk 1:31:16]} Nc6 {[%clk
1:31:15]} 3. Bc4 {[%clk 1:31:38]} Bc5 {[%clk 1:31:37]} 4. c3 {[%clk 1:31:59]}
Nf6 {[%clk 1:31:52]} 5. d3 {[%clk 1:32:23]} a6 {[%clk 1:32:00]} 6. Bb3 {[%clk
1:32:30]} Ba7 {[%clk 1:32:07]} 7. O-O {[%clk 1:32:30]} d6 {[%clk 1:31:43]} 8.
h3 {[%clk 1:32:15]} h6 {[%clk 1:29:46]} 9. Re1 {[%clk 1:32:09]} O-O {[%clk
1:29:23]} 10. Nbd2 {[%clk 1:31:58]} Ne7 {[%clk 1:26:35]} 11. Nf1 {[%clk
1:31:02]} Ng6 {[%clk 1:25:50]} 12. Ng3 {[%clk 1:31:02]} Be6 {[%clk 1:24:27]}
13. Bc2 {[%clk 1:30:31]} Re8 {[%clk 1:23:02]} 14. d4 {[%clk 1:29:58]} exd4
{[%clk 1:14:45]} 15. cxd4 {[%clk 1:28:26]} c6 {[%clk 1:09:37]} 16. Be3 {[%clk
1:26:18]} d5 {[%clk 0:59:31]} 17. e5 {[%clk 1:25:08]} Nd7 {[%clk 0:59:06]} 18.
b4 {[%clk 1:19:27]} Nb6 {[%clk 0:55:23]} 19. Qc1 {[%clk 1:18:02]} Re7 {[%clk
0:38:04]} 20. Nh5 {[%clk 1:15:23]} Qf8 {[%clk 0:33:32]} 21. Nh2 {[%clk
0:57:03]} Nc4 {[%clk 0:31:02]} 22. f4 {[%clk 0:56:24]} Nxe3 {[%clk 0:26:42]}
23. Qxe3 {[%clk 0:56:42]} Qc8 {[%clk 0:24:58]} 24. g4 {[%clk 0:56:10]} f5
{[%clk 0:16:20]} 25. exf6 {[%clk 0:55:30]} 1-0

[Event "DEM U16w 2014"]
[Site "Magdeburg GER"]
[Date "2014.06.14"]
[Round "9"]
[White "Koch, Elisabeth"]
[Black "Schneider, Sabrina"]
[Result "1/2-1/2"]
[Termination "normal"]
[Board "8"]
[WhiteElo "1731"]
[BlackElo "1630"]
[PlyCount "55"]
[WhiteFideId "24695068"]
[BlackFideId "12951986"]
[EventCountry "GER"]
[EventRounds "9"]
[EventType "swiss"]
[EventDate "2014.06.07"]

1. e4 g6 2. d4 Bg7 3. f4 d6 4. Be3 a6 5. Nc3 Nd7 6. Nf3 Ngf6 7. Bd3 c5 8. a4
O-O 9. O-O Ng4 10. Qd2 Nxe3 11. Qxe3 cxd4 12. Nxd4 Qb6 13. e5 dxe5 14. fxe5
Bxe5 15. Nce2 Bf6 16. c3 Ne5 17. Nf4 Nxd3 18. Nxd3 Rd8 19. Ne5 Qc5 20. Rae1
Bxe5 21. Qxe5 Qxe5 22. Rxe5 e6 23. g4 Bd7 24. b3 Rac8 25. Re3 Rc5 26. Ref3 Rf8
27. h3 e5 28. Ne2 1/2-1/2